[Event "US Most Active-2"]
[Site "http://www.queenalice.com/game.php?id=917232"]
[Date "2011.3.25"]
[Round "3"]
[White "Random314"]
[Black "carloscolangelo"]
[Result "1-0"]
[WhiteElo "1734"]
[BlackElo "1447"]

1. e4 e5 2. Nf3 Nc6 3. Bb5 Nf6 4. d3 d6 5. O-O g6 6. Bg5 Bg7 7. Nc3 O-O 8. Nd5
h6 9. Nxf6+ Bxf6 10. Bxh6 Re8 11. b4 a6 12. Ba4 b5 13. Bb3 Nxb4 14. c3 Nc6 15.
Bd5 Bd7 16. Qb3 Re7 17. Ng5 Bxg5 18. Bxg5 Ra7 19. Bxf7+ Kg7 20. Bxe7 Qxe7 21.
Bxg6 Qf6 22. Qg8+ Kh6 23. Qh7+ Kg5 24. Qh5+ Kf4 25. g3# 1-0

[Event "Challenge"]
[Site "http://www.queenalice.com/game.php?id=919449"]
[Date "2011.3.30"]
[Round "-"]
[White "ORNELAS"]
[Black "Random314"]
[Result "0-1"]
[WhiteElo "1637"]
[BlackElo "1739"]

1. e4 e5 2. Bc4 Nf6 3. d3 d6 4. Bg5 h6 5. Bxf6 Qxf6 6. Nf3 Be6 7. Nbd2 Nc6 8.
Bb5 d5 9. O-O Bc5 10. Bxc6+ bxc6 11. a3 a5 12. b3 O-O 13. c3 Bb6 14. c4 d4 15.
Qb1 c5 16. b4 a4 17. b5 Ba5 18. h3 Bxd2 19. Nxd2 Bxh3 20. f3 Qg6 21. Rf2 Rab8
22. Qf1 Bd7 23. g4 Qg5 24. Rg2 c6 25. Ra2 cxb5 26. Rb2 Qe3+ 27. Rf2 h5 28. gxh5
Qg5+ 29. Rg2 Qxh5 30. Rh2 Qg5+ 31. Rg2 Qe3+ 32. Kh2 Rb6 33. Qd1 Rh6+ 34. Kg3
Rh3# 0-1

[Event "Challenge"]
[Site "http://www.queenalice.com/game.php?id=919495"]
[Date "2011.3.30"]
[Round "-"]
[White "ORNELAS"]
[Black "Random314"]
[Result "0-1"]
[WhiteElo "1636"]
[BlackElo "1740"]

1. e4 c5 2. e5 Nc6 3. Nf3 d6 4. exd6 exd6 5. c3 Nf6 6. Bc4 Qe7+ 7. Be2 Bg4 8. d3
h6 9. Be3 O-O-O 10. h3 Bh5 11. a3 g5 12. b4 Nd7 13. b5 Na5 14. a4 Bg7 15. O-O g4
16. hxg4 Bxg4 17. Ra3 d5 18. d4 c4 19. Nbd2 Qxa3 20. Qc2 Nb6 21. Nb1 Qxa4 22.
Qc1 Qxb5 23. Nbd2 Nb3 24. Qb2 Qd7 25. Nxb3 cxb3 26. Qa3 Kb8 27. Qxb3 Qa4 28. Qb2
Nc4 29. Bf4+ Ka8 30. Qc1 Qa2 31. Bxc4 Qxc4 32. Nd2 Qd3 33. Nb3 b6 34. Qa3 Qxc3
35. Rc1 Qd3 36. Qb4 Qg6 37. Bc7 Bh3 38. g3 Qe4 39. f3 Qxf3 40. Qd2 Rc8 41. Bf4
Rxc1+ 42. Nxc1 Bxd4+ 43. Kh2 Qf1 44. g4 Bg1+ 45. Kg3 d4 46. Kh4 Bf2+ 47. Kh5
Qb5+ 0-1

[Event "Challenge"]
[Site "http://www.queenalice.com/game.php?id=921101"]
[Date "2011.4.3"]
[Round "-"]
[White "alexferreira"]
[Black "Random314"]
[Result "1-0"]
[WhiteElo "1922"]
[BlackElo "1726"]

1. d4 Nf6 2. g3 d6 3. Bg2 g6 4. Nf3 Bg7 5. Bg5 Nbd7 6. c3 h6 7. Bxf6 Nxf6 8.
Nbd2 O-O 9. O-O c6 10. Re1 Bg4 11. Nb3 b6 12. Qc2 Rc8 13. e4 c5 14. Rad1 c4 15.
Nbd2 b5 16. h3 Bxf3 17. Nxf3 Qb6 18. e5 Nd5 19. exd6 Qxd6 20. Qe4 Rce8 21. Re2
e6 22. h4 Nf6 23. Qc2 a5 24. Rde1 a4 25. a3 Ng4 26. Nd2 Re7 27. Qe4 Nf6 28. Qc6
Qxc6 29. Bxc6 Rb8 30. Ne4 Rc7 31. Nxf6+ Bxf6 32. Bg2 Bg7 33. Rd2 Re8 34. Rde2 h5
35. f4 Ree7 36. d5 Rcd7 37. dxe6 fxe6 38. Rxe6 Rxe6 39. Rxe6 Rd2 40. Rxg6 Rxb2
41. f5 Kf7 42. Bd5+ Kf8 43. f6 Bxf6 44. Rxf6+ Kg7 45. Rb6 Rb1+ 46. Kf2 Rc1 47.
Rxb5 Rxc3 48. Rc5 Rxa3 49. Bxc4 Rc3 50. Rg5+ Kh6 51. Bf7 a3 52. Rxh5+ Kg7 53.
Bd5 Rc2+ 54. Ke3 a2 55. Bxa2 Rxa2 56. Rg5+ Kf6 57. Kf3 Ra3+ 58. Kg4 Ra4+ 59. Kh5
Re4 60. Rg6+ Kf5 61. Kh6 Rg4 62. Rxg4 Kxg4 63. Kg6 Kxg3 64. h5 Kf4 65. h6 Ke5
66. h7 Ke6 67. h8=Q Kd5 68. Kf5 Kd6 69. Qe5+ Kc6 70. Qd4 Kb5 71. Qc3 Kb6 72. Ke5
Kb5 73. Kd5 Kb6 74. Qc5+ Kb7 75. Kd6 Ka6 76. Qb4 Ka7 77. Kc7 Ka6 78. Qb6# 1-0

[Event "Challenge"]
[Site "http://www.queenalice.com/game.php?id=921109"]
[Date "2011.4.3"]
[Round "-"]
[White "Random314"]
[Black "alexferreira"]
[Result "0-1"]
[WhiteElo "1735"]
[BlackElo "1921"]

1. e4 d5 2. exd5 Qxd5 3. Nc3 Qe6+ 4. Be2 g6 5. Nf3 Bg7 6. Ng5 Qd7 7. d3 c6 8.
O-O Nf6 9. h3 Qd8 10. Bf4 Bf5 11. Bf3 Nbd7 12. Nce4 Nxe4 13. dxe4 f6 14. Nf7
Kxf7 15. exf5 gxf5 16. Bh5+ Kf8 17. c3 Nc5 18. b4 Ne4 19. Qb3 Qd5 20. Rad1 Qxb3
21. axb3 Nxc3 22. Rd7 Ne2+ 23. Kh2 Nxf4 24. Bf3 Kf7 25. Rxb7 Nd5 26. Bxd5+ cxd5
27. Re1 Rhe8 28. f4 Kf8 29. Re6 Kf7 30. Rd6 Bh6 31. g3 Reb8 32. Rxb8 Rxb8 33.
Rxd5 Rxb4 34. Rd7 Rxb3 35. Rxa7 Bf8 36. h4 h5 37. Ra5 e6 38. Ra7+ Kg6 39. Ra6
Re3 40. Kg2 e5 41. fxe5 Rxe5 42. Kf3 Bc5 43. Ra8 Re3+ 44. Kf4 Re7 45. Kf3 Re4
46. Rg8+ Kh7 47. Rd8 Re7 48. Rd5 Re5 49. Rd7+ Kg6 50. Kf4 Re4+ 51. Kf3 Rg4 52.
Rd8 Bb4 53. Rg8+ Kf7 54. Rxg4 fxg4+ 55. Kg2 Ke6 56. Kf2 Ke5 57. Ke3 Be1 58. Ke2
Bxg3 59. Kf1 f5 60. Kg2 f4 61. Kg1 f3 62. Kh1 f2 63. Kg2 Kf4 64. Kf1 Ke3 65. Kg2
Ke2 66. Kxg3 f1=Q 67. Kh2 Qf4+ 68. Kg1 g3 69. Kg2 Qf2+ 70. Kh3 Qh2# 0-1

[Event "US Most Active 3"]
[Site "http://www.queenalice.com/game.php?id=923060"]
[Date "2011.4.7"]
[Round "1"]
[White "Random314"]
[Black "PawnOne"]
[Result "0-1"]
[WhiteElo "1751"]
[BlackElo "1877"]

1. e4 e5 2. Nf3 Nc6 3. Nc3 Nf6 4. a3 d5 5. Nxd5 Nxd5 6. exd5 Qxd5 7. c4 Qc5 8.
d4 exd4 9. Qe2+ Be7 10. b4 Qd6 11. g3 O-O 12. Bg2 Bg4 13. Bf4 Qf6 14. O-O a6 15.
h3 Bh5 16. g4 Bg6 17. Bg5 Qd6 18. Rad1 Rfe8 19. c5 Qd7 20. Ne5 Bxg5 21. Nxd7
Rxe2 22. f4 Bh4 23. Ne5 Be4 24. Bxe4 Rxe4 25. Nc4 Rae8 26. Nd2 Re2 27. Nf3 Bf6
28. Rde1 d3 29. Kh1 Bb2 30. Rxe2 Rxe2 31. Rd1 Bxa3 32. Rxd3 Bxb4 33. Rd5 h6 34.
g5 Ne7 35. Rd8+ Kh7 36. g6+ Nxg6 37. Nd4 Rd2 38. f5 Nf4 39. c6 bxc6 40. Nxc6
Rxd8 41. Nxd8 c5 42. Nxf7 a5 43. Ne5 a4 44. Nc4 a3 0-1

[Event "Challenge"]
[Site "http://www.queenalice.com/game.php?id=923290"]
[Date "2011.4.8"]
[Round "-"]
[White "Blackangel"]
[Black "Random314"]
[Result "1-0"]
[WhiteElo "1957"]
[BlackElo "1742"]

1. e4 e5 2. f4 Nc6 3. Nf3 exf4 4. Bc4 Bc5 5. d4 Bb6 6. Bxf4 d6 7. O-O Bg4 8. c3
Qd7 9. Bg3 O-O-O 10. Qc2 f6 11. Nbd2 Nge7 12. b4 Be6 13. Bd3 g6 14. a4 a6 15. b5
Na5 16. bxa6 Bb3 17. Nxb3 Nxb3 18. axb7+ Kxb7 19. Qxb3 Ra8 20. a5 Ra7 21. axb6
cxb6 22. Rfb1 Nc8 23. Rxa7+ Kxa7 24. e5 dxe5 25. Ra1+ Kb7 26. Ba6+ Kc7 27. dxe5
fxe5 28. Nxe5 Qf5 29. Nxg6+ Kd7 30. Rd1+ 1-0

[Event "Challenge"]
[Site "http://www.queenalice.com/game.php?id=923291"]
[Date "2011.4.8"]
[Round "-"]
[White "Random314"]
[Black "Blackangel"]
[Result "0-1"]
[WhiteElo "1750"]
[BlackElo "1949"]

1. e4 c5 2. Bc4 Nc6 3. d3 g6 4. Nc3 Bg7 5. Qf3 Bxc3+ 6. bxc3 Ne5 7. Qf4 Nxc4 8.
dxc4 Qa5 9. Bd2 Qa4 10. Nf3 Qxc2 11. O-O Nf6 12. Qh6 Qxe4 13. Qg7 Rg8 14. Qh6
Qxc4 15. Rfe1 d6 16. Qe3 Nd5 17. Qe4 Qxe4 18. Rxe4 Bf5 19. Re2 Bg4 20. Rae1 Bxf3
21. gxf3 e6 22. c4 Nc7 23. Bg5 Kd7 24. a4 a6 25. a5 f5 26. f4 Rab8 27. h4 b5 28.
axb6 Rxb6 0-1

[Event "US Most Active 3"]
[Site "http://www.queenalice.com/game.php?id=928814"]
[Date "2011.4.21"]
[Round "2"]
[White "phystutordotcom"]
[Black "Random314"]
[Result "1-0"]
[WhiteElo "2132"]
[BlackElo "1752"]

1. Nf3 Nc6 2. d3 d5 3. Nbd2 Nf6 4. e4 dxe4 5. dxe4 e5 6. g3 Bc5 7. Bg2 Be6 8.
O-O Ng4 9. h3 Nf6 10. Kh2 Qd7 11. Ng5 O-O-O 12. Nxe6 Qxe6 13. c3 h5 14. f4 h4
15. f5 hxg3+ 16. Kxg3 Qe7 17. Qe2 a6 18. Kh2 g5 19. fxg6 fxg6 20. Nf3 Ng4+ 21.
Kh1 Nf6 22. Bg5 Rd6 23. Nh4 Qg7 24. Rf3 Rf8 25. Raf1 Qh8 26. Nxg6 Qh5 27. Nxf8
Qxg5 28. Rf5 Qg7 29. Rxf6 Rxf6 30. Rxf6 Qxf6 31. Qg4+ 1-0

[Event "AUTO-ADV-2183"]
[Site "http://www.queenalice.com/game.php?id=946893"]
[Date "2011.6.7"]
[Round "1"]
[White "Random314"]
[Black "carpielo"]
[Result "1-0"]
[WhiteElo "1693"]
[BlackElo "1684"]

1. e4 e5 2. Bc4 Nf6 3. d3 Bc5 4. Nf3 Ng4 5. d4 d6 6. dxc5 O-O 7. O-O c6 8. b4
dxc5 9. Qxd8 Rxd8 10. Bb2 b5 11. Be2 cxb4 12. Nxe5 Nxe5 13. Bxe5 Re8 14. f4 Nd7
15. c4 a6 16. Nd2 Nxe5 17. fxe5 Rxe5 18. Nf3 Rxe4 19. Bd3 Re3 20. Rad1 g6 21.
Rfe1 Rxe1+ 22. Rxe1 Be6 23. Ne5 Rc8 24. h3 Re8 25. Nxc6 bxc4 26. Be4 b3 27. axb3
cxb3 28. Na5 b2 29. Rd1 Rc8 30. Kh2 Rc1 31. Rd8+ Kg7 32. Rb8 Ra1 33. Nc6 Ra2 34.
Nb4 Ra4 35. Bc2 Bf5 36. g4 Ra1 37. gxf5 b1=Q 38. Bxb1 Rxb1 39. Nxa6 Rxb8 40.
Nxb8 gxf5 41. Kg3 Kf6 42. Kf4 Ke6 43. Nc6 Kd6 44. Nd4 Ke7 45. Kxf5 Kf8 46. Kf6
h5 47. h4 Kg8 48. Nf5 Kh7 49. Kxf7 Kh8 50. Kg6 1-0

[Event "AUTO-ADV-2183"]
[Site "http://www.queenalice.com/game.php?id=946894"]
[Date "2011.6.7"]
[Round "1"]
[White "carpielo"]
[Black "Random314"]
[Result "1-0"]
[WhiteElo "1649"]
[BlackElo "1680"]

1. e4 e5 2. d4 exd4 3. Qxd4 Nc6 4. Qd1 Nf6 5. Bd3 d5 6. exd5 Nxd5 7. a3 g6 8.
Nf3 Qe7+ 9. Be2 Bf5 10. O-O Bg7 11. Re1 O-O 12. Qxd5 Rad8 13. Qb3 b6 14. Bd2 Qe6
15. Bc4 Qf6 16. Bg5 Qxb2 17. Qxb2 Bxb2 18. Ra2 Rd6 19. Rxb2 Kg7 20. Bb5 Na5 21.
Be7 Rdd8 22. Bxf8+ Kxf8 23. Ng5 Kg7 24. h4 h6 25. Re7 hxg5 26. hxg5 Rd1+ 27. Kh2
c6 28. Nc3 Rd6 29. Bd3 Bxd3 30. cxd3 Rxd3 31. Ne4 Nc4 32. Ra2 a5 33. Rc2 b5 34.
a4 Kf8 35. Rc7 Ne5 36. f3 Rd4 37. axb5 cxb5 38. R7c5 Nd7 39. Rxb5 a4 40. Ra5 Nb6
41. Nc5 Rd6 42. Nxa4 Nd7 43. Rc8+ Kg7 44. Raa8 f6 45. Ra7 fxg5 46. Nc5 Kf6 47.
Nxd7+ Ke6 48. Rf8 Rxd7 49. Rxd7 Kxd7 50. Rg8 Ke6 51. Rxg6+ Kf5 52. Ra6 Kf4 53.
Ra4+ Kf5 54. g4+ Kg6 55. Kg2 Kf6 56. Kf2 Ke5 57. Ke3 Kf6 58. Ke4 Ke6 59. Ra6+
Kf7 60. Kf5 Ke7 61. Ke5 Kd7 62. Re6 Kc7 63. Rd6 Kb7 64. Kd5 Kc7 65. Kc5 Kb7 66.
Rc6 Ka8 67. Kb6 Kb8 68. Ka6 Ka8 69. Rc8# 1-0

[Event "AUTO-ADV-2183"]
[Site "http://www.queenalice.com/game.php?id=946895"]
[Date "2011.6.7"]
[Round "1"]
[White "Random314"]
[Black "raven225"]
[Result "0-1"]
[WhiteElo "1677"]
[BlackElo "1718"]

1. e4 c5 2. Bc4 Nc6 3. d3 d6 4. Nf3 e6 5. Nc3 g6 6. Ng5 Bg7 7. Qf3 Nf6 8. Nxf7
Kxf7 9. Bg5 h6 10. Bxf6 Bxf6 11. O-O-O Rf8 12. Qg3 Ne5 13. f4 Nxc4 14. dxc4 Bh4
15. Qd3 a6 16. e5 Qa5 17. Qxd6 Be7 18. Qd3 Qc7 19. h4 b6 20. g4 Bb7 21. Ne4 Rad8
22. Nd6+ Bxd6 23. exd6 Qd7 24. h5 gxh5 25. gxh5 Ke8 26. Qg6+ Qf7 27. Rhe1 Kd7
28. Qxh6 Qxf4+ 29. Qxf4 Rxf4 30. b3 Bf3 31. Rd3 Bxh5 32. a4 Bg6 33. Rde3 Bf5 34.
Rd1 Rf2 35. Rd2 Rxd2 36. Kxd2 Kc6 37. Kc3 Rxd6 38. Re5 Rd4 39. b4 Kd6 40. Re3
Rd1 41. Kb2 cxb4 42. c3 bxc3+ 43. Kxc3 Rc1+ 44. Kb4 Rb1+ 45. Kc3 a5 46. Kd4 Rd1+
47. Kc3 e5 48. Rf3 Be6 49. Kc2 Rd4 50. Rd3 Bxc4 51. Rxd4+ exd4 52. Kd2 Kd5 53.
Kc2 Ke4 54. Kd2 Kf3 55. Kc2 Ke2 56. Kc1 d3 57. Kb2 d2 58. Kc3 Bd3 59. Kd4 d1=Q
60. Kd5 Ke3 61. Kc6 Qxa4+ 62. Kxb6 Qb5+ 63. Kc7 Ke4 64. Kd6 Qe5+ 65. Kc6 Qd5+
66. Kb6 a4 67. Kc7 Bb5 68. Kb6 Qc6+ 69. Ka7 Qa6+ 70. Kb8 Qd6+ 71. Kb7 Qc6+ 72.
Kb8 Qb6+ 73. Kc8 Qa7 74. Kd8 Qd7# 0-1

[Event "AUTO-ADV-2183"]
[Site "http://www.queenalice.com/game.php?id=946896"]
[Date "2011.6.7"]
[Round "1"]
[White "raven225"]
[Black "Random314"]
[Result "1-0"]
[WhiteElo "1676"]
[BlackElo "1710"]

1. e4 c5 2. Nf3 d5 3. exd5 Qxd5 4. Nc3 Qe6+ 5. Be2 Nf6 6. O-O Nc6 7. Re1 Ne4 8.
Bb5 f5 9. Ng5 Qh6 10. Ncxe4 fxe4 11. d4 Bd7 12. Nxe4 Qg6 13. dxc5 O-O-O 14. Bg5
h6 15. Bh4 Bh3 16. Qf3 Ne5 17. Qxh3+ e6 18. Bxd8 Kxd8 19. Rad1+ Kc7 20. Nd6 Nc6
21. Ba4 a6 22. Rxe6 Qg5 23. Ne8+ Kb8 24. Nd6 Qxc5 25. Re8+ Kc7 26. Rc8+ Kb6 27.
Qb3+ Qb4 28. Rxc6+ bxc6 29. Qxb4+ Kc7 30. Qb7+ Kd8 31. Nf7+ Ke8 32. Qd7# 1-0

[Event "AUTO-ADV-2183"]
[Site "http://www.queenalice.com/game.php?id=946897"]
[Date "2011.6.7"]
[Round "1"]
[White "Random314"]
[Black "yannigator"]
[Result "0-1"]
[WhiteElo "1694"]
[BlackElo "1743"]

1. e4 e5 2. Bc4 Nf6 3. d3 d6 4. Bg5 Be7 5. Nc3 O-O 6. Nf3 c6 7. Qd2 Be6 8. Bxe6
fxe6 9. h3 h6 10. g4 hxg5 11. Nxg5 Qd7 12. O-O-O d5 13. f4 exf4 14. Qxf4 Nxe4
15. Qe5 Nxg5 16. h4 Nf7 17. Qh5 Nh6 18. g5 Nf5 19. g6 Nh6 20. Qe5 Rf5 21. Qd4 e5
22. Qa4 b5 23. Qa5 d4 24. Ne4 Qd5 25. b3 Nd7 26. Qc7 Bd8 27. Qd6 Qxd6 28. Nxd6
Rf6 29. Ne4 Rxg6 30. h5 Rg2 31. Rdf1 a5 32. a3 Be7 33. Kb2 c5 34. Rf2 Rxf2 35.
Nxf2 Rf8 36. Ne4 Nf6 37. Ng5 Nd5 38. Ne6 Rf2 39. Re1 Ne3 40. Rc1 Rxc2+ 41. Rxc2
Nxc2 42. Kxc2 c4 43. bxc4 bxc4 44. dxc4 Bxa3 45. Kd3 a4 46. c5 Nf5 47. c6 Ne7
48. c7 Bd6 49. Kc2 a3 50. Kb1 d3 51. Kc1 e4 52. Nd4 Bxc7 53. Nb3 e3 54. Kd1 Nd5
55. Nd4 e2+ 56. Ke1 a2 57. Nb3 Bg3+ 58. Kd2 e1=Q+ 59. Kxd3 Qe3+ 60. Kc4 Qxb3+
61. Kc5 a1=Q 62. Kc6 Qc4+ 63. Kd7 Qaa6 64. h6 Qc7+ 65. Ke8 Nf6# 0-1

[Event "AUTO-ADV-2183"]
[Site "http://www.queenalice.com/game.php?id=946898"]
[Date "2011.6.7"]
[Round "1"]
[White "yannigator"]
[Black "Random314"]
[Result "1-0"]
[WhiteElo "1728"]
[BlackElo "1709"]

1. e4 e5 2. Nf3 Nc6 3. Bc4 Nf6 4. Ng5 d5 5. exd5 Nxd5 6. Nxf7 Kxf7 7. Qf3+ Ke8
8. Bxd5 Qe7 9. Bxc6+ Kd8 10. Bxb7 Bxb7 11. Qxb7 Rc8 12. O-O c6 13. Qxe7+ Bxe7
14. d3 h6 15. f4 Bc5+ 16. Kh1 Rf8 17. f5 g5 18. f6 Rc7 19. Nc3 Rcf7 20. Ne4 Bb6
21. c3 Kc7 22. Bd2 Rd7 23. Rf3 g4 24. Rf5 Rxd3 25. Bxh6 Rfd8 26. g3 Rf3 27. Rxf3
gxf3 28. c4 Rd4 29. f7 Rxe4 30. f8=Q f2 31. Qe7+ Kc8 32. Qf8+ Kc7 33. Qg7+ Kd6
34. Qg6+ Kc5 35. Qxe4 Kd6 36. Rd1+ Ke6 37. Qxc6+ Kf5 38. Rf1 e4 39. Qxb6 axb6
40. Rxf2+ Ke5 41. b3 Kd4 42. Rf6 e3 43. Bxe3+ Kxe3 44. Kg2 Kd3 45. Rxb6 Kc3 46.
c5 Kd4 47. c6 Kc5 48. c7 Kxb6 49. c8=Q Kb5 50. a3 Kb6 51. b4 Kb5 52. Qc5+ Ka4
53. b5 Ka5 54. b6+ Ka6 55. a4 Kb7 56. a5 Ka6 57. h4 Kb7 58. Qc7+ Ka6 59. b7 Kb5
60. b8=Q+ Ka4 61. Qc4+ Kxa5 62. Qa2# 1-0

[Event "8th tournamnet"]
[Site "http://www.queenalice.com/game.php?id=962909"]
[Date "2011.7.21"]
[Round "1"]
[White "Random314"]
[Black "PawnOne"]
[Result "0-1"]
[WhiteElo "1718"]
[BlackElo "1916"]

1. e4 e5 2. Nf3 Nc6 3. Nc3 a6 4. Nd5 Nf6 5. Bc4 Be7 6. c3 d6 7. b4 Nxe4 8. O-O
Bf5 9. Ne3 Bg6 10. d3 Nxc3 11. Qc2 Nb5 12. a4 Nbd4 13. Nxd4 Nxd4 14. Qd1 O-O 15.
Bb2 c5 0-1

[Event "8th tournamnet"]
[Site "http://www.queenalice.com/game.php?id=975886"]
[Date "2011.8.23"]
[Round "2"]
[White "thedocwat"]
[Black "Random314"]
[Result "0-1"]
[WhiteElo "1617"]
[BlackElo "1663"]

1. e4 e5 2. Nf3 Nc6 3. Bb5 Nf6 4. O-O Bc5 5. c3 O-O 6. b4 a6 7. Bxc6 Ba7 8. Bd5
d6 9. d4 c6 10. Bc4 d5 11. Bb3 Nxe4 12. Nxe5 f6 13. Nd3 Qc7 14. Bf4 Qd7 15. Nd2
Nxc3 16. Qf3 Bxd4 17. Rac1 Re8 18. a4 Ne2+ 19. Kh1 Nxc1 20. Nxc1 Be5 21. Ne4
Bxf4 22. Qxf4 b5 23. Nc5 Qf5 24. N1d3 Kh8 25. Qc7 Bd7 26. Bc2 Rac8 27. Qd6 Be6
28. Ne1 Qe5 29. Nb7 Qe2 30. Bd3 Qe5 31. Nf3 Qc3 0-1

[Event "8th tournamnet"]
[Site "http://www.queenalice.com/game.php?id=1001390"]
[Date "2011.10.25"]
[Round "4"]
[White "johndavidtelker"]
[Black "Random314"]
[Result "0-1"]
[WhiteElo "1797"]
[BlackElo "1675"]

1. d4 d5 2. Nf3 e6 3. Bf4 Bd6 4. Qd2 Nf6 5. Nc3 Nc6 6. a3 a6 7. b4 b5 8. Bxd6
Qxd6 9. g3 Ne4 10. Nxe4 dxe4 11. Ng1 Qxd4 12. Rd1 Qxd2+ 13. Rxd2 O-O 14. Bg2 f5
15. e3 Bb7 16. Ne2 Ne5 17. Nd4 Rfe8 18. O-O Ng4 19. Rfd1 Rac8 20. Nb3 Bd5 21.
Nc5 Bc4 22. c3 c6 23. Rd6 Ne5 24. Nxa6 Nf3+ 25. Bxf3 exf3 26. Nc5 Be2 27. R1d2
e5 28. h4 e4 29. Nb3 Bd3 30. Nc1 c5 31. Nxd3 exd3 32. bxc5 Rxc5 33. R2xd3 Ra8
34. R6d5 Rxd5 35. Rxd5 g6 36. Rxb5 Rxa3 37. Rc5 h5 38. c4 Ra1+ 39. Kh2 Rf1 40.
Rc8+ Kf7 41. c5 Rxf2+ 42. Kg1 Rg2+ 43. Kf1 Rxg3 44. Kf2 Rh3 45. Rd8 Ke7 46. Rd4
f4 47. Rxf4 Kd7 48. Rc4 Kc6 49. Kf1 Rh2 50. e4 Rxh4 51. Kf2 Rf4 0-1

[Event "Challenge"]
[Site "http://www.queenalice.com/game.php?id=1002736"]
[Date "2011.10.29"]
[Round "-"]
[White "Random314"]
[Black "zmanomega"]
[Result "1-0"]
[WhiteElo "1663"]
[BlackElo "1571"]

1. e4 e6 2. d4 Bb4+ 3. Bd2 Bd6 4. Nf3 h6 5. Nc3 c6 6. e5 Bb4 7. Ne4 Be7 8. g3 d6
9. c4 dxe5 10. dxe5 Na6 11. a3 Nc5 12. Nxc5 Bxc5 13. b4 Be7 14. h4 c5 15. Be2
Qb6 16. Be3 a5 17. b5 f6 18. O-O f5 19. a4 g5 20. h5 g4 21. Nh4 Bxh4 22. gxh4
Qc7 23. Bf4 Nf6 24. Qd2 O-O 25. exf6 Qf7 26. Bxh6 Re8 27. Qg5+ Kh7 28. Bg7 1-0

[Event "11th tournamment"]
[Site "http://www.queenalice.com/game.php?id=1023253"]
[Date "2012.1.31"]
[Round "1"]
[White "Random314"]
[Black "phystutordotcom"]
[Result "0-1"]
[WhiteElo "1696"]
[BlackElo "2178"]

1. e4 d6 2. Nf3 Nf6 3. Nc3 e5 4. d4 Nbd7 5. Bc4 Be7 6. Ng5 O-O 7. Nd5 Nxd5 8.
Bxd5 Bxg5 9. Bxg5 Qxg5 10. O-O Nf6 11. dxe5 Bh3 12. Qf3 Nxd5 13. exd5 Bd7 14. c4
Qxe5 15. b4 a5 16. b5 b6 17. Rae1 Qg5 18. h3 Rae8 19. Re4 Rxe4 20. Qxe4 Re8 21.
f4 Rxe4 0-1

[Event "Challenge"]
[Site "http://www.queenalice.com/game.php?id=1035153"]
[Date "2012.3.2"]
[Round "-"]
[White "JD"]
[Black "Random314"]
[Result "1-0"]
[WhiteElo "1628"]
[BlackElo "1724"]

1. c4 e5 2. e3 Bc5 3. a3 a5 4. d4 exd4 5. exd4 Qe7+ 6. Be2 Ba7 7. c5 d6 8. b4 b6
9. Qc2 Bd7 10. Be3 Nf6 11. Bc4 Nc6 12. Ne2 O-O 13. O-O Rae8 14. Nbc3 bxc5 15.
Nb5 cxd4 16. Bxd4 Nxd4 17. Nexd4 Bxd4 18. Nxd4 c6 19. bxa5 d5 20. Ba2 Qxa3 21.
Nb3 Qa4 22. Rfc1 Qf4 23. Nc5 Bf5 24. Nd3 Bxd3 25. Qxd3 Ng4 26. Qg3 Qxg3 27. hxg3
Re2 28. Rxc6 Rfe8 29. Rcc1 Rxf2 30. Bxd5 Rd2 31. Bf3 Nf2 32. a6 Nd3 33. a7 g6
34. Rcb1 Kf8 35. Rb8 Ne5 36. a8=Q Nxf3+ 37. gxf3 Re2 38. Qa3+ Kg7 39. Qc3+ Kg8
40. Raa8 f5 41. Rxe8+ Rxe8 42. Rxe8+ Kf7 43. Qe5 g5 44. Qe6+ Kg7 45. Rg8# 1-0

[Event "twelth"]
[Site "http://www.queenalice.com/game.php?id=1037601"]
[Date "2012.3.9"]
[Round "2"]
[White "phystutordotcom"]
[Black "Random314"]
[Result "1-0"]
[WhiteElo "2129"]
[BlackElo "1726"]

1. Nf3 d5 2. g3 Nf6 3. Bg2 e6 4. O-O Bc5 5. d4 Bb6 6. Nc3 a6 7. Bg5 O-O 8. e4
Qe7 9. e5 Nbd7 10. exf6 Nxf6 11. Ne5 Qd6 12. Bxf6 gxf6 13. Ng4 f5 14. Ne5 f6 15.
Nf3 Kf7 16. Nh4 Ke7 17. Re1 c5 18. Nxf5+ 1-0